| 000 | 00652nam a2200181Ia 4500 | ||
|---|---|---|---|
| 008 | 100921s9999 xx 000 0 und d | ||
| 082 |
_b38975 _a891.463 थ 99 |
||
| 100 | _aमाडखोलकर ग.त्र्यं. | ||
| 245 | _aनवे संसार. | ||
| 260 |
_bअक्षय प्रकाशन, पुणे. _c1999 |
||
| 300 |
_a272 _bजीवनग्रंथ वितरण,औरंगाबाद |
||
| 365 | _b220 | ||
| 520 | _aललित-कादंबरी. | ||
| 630 | _aनवे संसार. | ||
| 650 | _aललित-कादंबरी. | ||
| 730 | _aनवे संसार. | ||
| 942 | _cBOOK | ||
| 999 |
_c788088 _d788085 |
||